00286nam a22000977a 4500008004100000082001600041100005100057245004800108260002300156300000900179230626b xxu||||| |||| 00| 0 eng d a331.67bPAR cAchola Pala, Thelma Awori and Abigail Krystall aThe Participation of Women in Kenya Society aNairobibKLBc1975 a235P